000 00715nam a22002417a 4500
003 UA-OsUOA
001 28293
007 ta
008 20050315b un ||||| |||| 00| 0 ukr d
100 _aБєланова Р.А.
090 _a318.1
_bБ43
942 _cBK
040 _aUA-OsUOA
_bukr
_cUA-OsUOA
_dUA-OsUOA
245 _aГуманізація та гуманізатирація освіти в класичних університетах (Україна -США)
_bМонографія
955 _a0
041 _aukr
080 _a318.1
020 _a966-95855-5-4
260 _aК.
_bЦентр практичної філософії
_c2001
044 _aUA
650 7 _2UDC
999 _c314657
_d314657